000 00326nam a2200121Ia 4500
005 20251222154304.0
008 251222s9999||||xx |||||||||||||| ||spa||
020 _a84-206-0567-0
082 _a613.79/C17
100 _a"Calle, Ramiro A."
245 0 _a"El libro de relajación, la respiración y el estiramiento"
942 _cLIB
999 _c33149
_d33149